000 01245cam a2200301 i 4500
001 14486
003 Mx-PuUPA
005 20250806130934.0
008 140415s1995 mx gr 000 0 spa d
020 _a9683647901
040 _aMx-PuUPA
_bspa
_cMx-PuUPA
_dMx-PuUPA
_erda
041 0 _aspa
100 1 _aSánchez Puentes, Ricardo
_917353
_eautor
245 1 0 _aEnseñar a investigar :
_buna didáctica nueva de la investigación en ciencias sociales y humanidades /
_cRicardo Sánchez Puentes
246 1 4 _aEnseñar a investigar una didáctica nueva de la investigación científica en ciencias sociales y humanas.
250 _aPrimera edición
264 1 _aCoyoacán, D.F. :
_bCentro de Estudios sobre la Universidad : Asociación Nacional de Universidades e Instituciones de Educación Superior,
_c©1995
300 _a188 páginas ;
_c23 cm
336 _2rdacontent
_atexto
_btxt
337 _2rdamedia
_asin medio
_bn
338 _2rdacarrier
_avolumen
_bnc
490 0 _aColección Biblioteca de la Educación Superior
650 7 _2armarc
_aCiencias sociales
_xInvestigación
650 7 _2armarc
_aHumanidades
_xInvestigación
942 _2ddc
_cLI
_h300.72
_iS54
999 _c14486
_d14486